Butterworths Consolidated Index and Noter-Up to the All South African Law Reports 1996-2005 (Record no. 2544)

MARC details
000 -LEADER
fixed length control field 00537nam a22001697a 4500
005 - DATE AND TIME OF INPUT
control field 20240809094804.0
008 - DATA ELEMENTS--GENERAL INFORMATION
fixed length control field 240809b |||||||| |||| 00| 0 eng d
020 ## - INTERNATIONAL STANDARD BOOK NUMBER
International Standard Book Number 0409015806
041 ## - LANGUAGE CODE
Language code of text English
082 ## - SHELF NUMBER
DDC number 349 SOU
100 ## - MAIN AUTHOR
Language of a work English
245 ## - TITLE STATEMENT
Title Butterworths Consolidated Index and Noter-Up to the All South African Law Reports 1996-2005
260 ## - PUBLICATION, DISTRIBUTION, ETC.
Place of publication, distribution, etc. Durban:
Name of publisher, distributor, etc. LexisNexis Butterworths,
Date of publication, distribution, etc. 1996-2005
300 ## - PHYSICAL DESCRIPTION
Other physical details ix, 869 pages;
Dimensions 25 cm.
650 ## - SUBJECT`
Broad subject Legal practice
Own subject terms Law
942 ## - ADDED ENTRY ELEMENTS (KOHA)
Item type Books
942 ## - ADDED ENTRY ELEMENTS (KOHA)
-- ALISON_BN_VRIES
Holdings
Source of classification or shelving scheme Volume number (bound volume or other part) Not for loan Collection code Home library Current library Shelving location Date acquired Full call number Barcode Price effective from Koha item type
Dewey Decimal Classification Volume 1   SOUTH AFRICAN LAW REPORTS LAW SOCIETY OF NAMIBIA LIBRARY - WINDHOEK LAW SOCIETY OF NAMIBIA LIBRARY - WINDHOEK South African Law Reports 08/09/2024 349 SOU LSN/2023/3600 08/09/2024 Books
Dewey Decimal Classification Volume 2   SOUTH AFRICAN LAW REPORTS LAW SOCIETY OF NAMIBIA LIBRARY - WINDHOEK LAW SOCIETY OF NAMIBIA LIBRARY - WINDHOEK South African Law Reports 08/09/2024 349 SOU LSN/2023/3601 08/09/2024 Books
Dewey Decimal Classification Volume 3   SOUTH AFRICAN LAW REPORTS LAW SOCIETY OF NAMIBIA LIBRARY - WINDHOEK LAW SOCIETY OF NAMIBIA LIBRARY - WINDHOEK South African Law Reports 08/09/2024 349 SOU LSN/2023/3602 08/09/2024 Books
Dewey Decimal Classification Volume 4   SOUTH AFRICAN LAW REPORTS LAW SOCIETY OF NAMIBIA LIBRARY - WINDHOEK LAW SOCIETY OF NAMIBIA LIBRARY - WINDHOEK South African Law Reports 08/09/2024 349 SOU LSN/2023/3603 08/09/2024 Books
Dewey Decimal Classification Volume 5   SOUTH AFRICAN LAW REPORTS LAW SOCIETY OF NAMIBIA LIBRARY - WINDHOEK LAW SOCIETY OF NAMIBIA LIBRARY - WINDHOEK South African Law Reports 08/09/2024 349 SOU LSN/2023/3604 08/09/2024 Books
Dewey Decimal Classification Volume 6   SOUTH AFRICAN LAW REPORTS LAW SOCIETY OF NAMIBIA LIBRARY - WINDHOEK LAW SOCIETY OF NAMIBIA LIBRARY - WINDHOEK South African Law Reports 08/09/2024 349 SOU LSN/2023/3605 08/09/2024 Books